Constituția României = (Record no. 3383)

MARC details
000 -LEADER
fixed length control field 00823cam a2200277 a 4500
001 - CONTROL NUMBER
control field 2516768
003 - CONTROL NUMBER IDENTIFIER
control field OSt
005 - DATE AND TIME OF LATEST TRANSACTION
control field 20230703151154.0
008 - FIXED-LENGTH DATA ELEMENTS--GENERAL INFORMATION
fixed length control field 921022s1991 rm 000 0 eng
010 ## - LIBRARY OF CONGRESS CONTROL NUMBER
LC control number 92230421
020 ## - INTERNATIONAL STANDARD BOOK NUMBER
International Standard Book Number 9735670054
040 ## - CATALOGING SOURCE
Original cataloging agency DLC
Transcribing agency DLC
Modifying agency DLC
041 0# - LANGUAGE CODE
Language code of text/sound track or separate title engrum
043 ## - GEOGRAPHIC AREA CODE
Geographic area code e-rm---
082 00 - DEWEY DECIMAL CLASSIFICATION NUMBER
Classification number 342.498
Item number ROM
110 1# - MAIN ENTRY--CORPORATE NAME
Corporate name or jurisdiction name as entry element Romania.
240 10 - UNIFORM TITLE
Uniform title Constituția (1991).
Language of a work English & Romanian.
245 10 - TITLE STATEMENT
Title Constituția României =
Remainder of title The Constitution of Romania.
260 ## - PUBLICATION, DISTRIBUTION, ETC. (IMPRINT)
Place of publication, distribution, etc. Bucharest, Romania :
Name of publisher, distributor, etc. "Monitorul Oficial,"
Date of publication, distribution, etc. 1991.
300 ## - PHYSICAL DESCRIPTION
Extent 126 p. ;
Dimensions 21 cm.
650 #0 - SUBJECT ADDED ENTRY--TOPICAL TERM
Topical term or geographic name as entry element Constitutions
Geographic subdivision Romania.
740 0# - ADDED ENTRY--UNCONTROLLED RELATED/ANALYTICAL TITLE
Uncontrolled related/analytical title Constitution of Romania.
906 ## - LOCAL DATA ELEMENT F, LDF (RLIN)
a 7
b cbc
c orignew
d 2
e ncip
f 19
g y-gencatlg
942 ## - ADDED ENTRY ELEMENTS (KOHA)
Source of classification or shelving scheme Dewey Decimal Classification
Koha item type Books
Holdings
Withdrawn status Lost status Source of classification or shelving scheme Damaged status Not for loan Home library Current library Date acquired Total Checkouts Full call number Barcode Date last seen Price effective from Koha item type
    Dewey Decimal Classification     County Hall Archives County Hall Archives 07/03/2023   342.498 ROM 10013443 07/03/2023 07/03/2023 Books
    Dewey Decimal Classification     County Hall Archives County Hall Archives 07/04/2023   342.498 ROM 10010587 07/04/2023 07/04/2023 Books
LIBRARY OPENING HOURS

When the Parliament is sitting: 8.00a.m - 7.00p.m or until the house adjourns
Mondays and Fridays and when the House is on Recess:  8.00a.m - 5.00p.m
Closed on Weekends and Public Holidays

Online Public Access Catalog (OPAC)
Website: http://www.parliament.go.ke
Bunge Library: https://libraryir.parliament.go.ke
Contact: library@parliament.go.ke | Tel no: (254-2)2221291 or 2848000 Ext 5043